000 nam a22 7a 4500
999 _c28650
_d28650
008 170313b xxu||||| |||| 00| 0 eng d
020 _a0521079411
050 _aPR 2890 .N49 1971
100 _aEdited by Muir, Kenneth
245 _aA New Companion to Shakespeare Studies/
_cEdited by Kenneth Muir and S. Schoenbaum
260 _aLondon:
_bCambridge,
_c1971.
300 _av,297p.:
_bill.;
_c22cm.
521 _aIncludes index.
700 _aEdited by Schoenbaum, S.
942 _2lcc
_cBOOKS
_hPR 2890 .N49 1971